00556nam a2200169Ia 4500003000900000008004100009020002200050040001600072080001500088100002000103245012300123250001200246260003800258300001600296650002400312650005000336IN-BaIIA211028s9999 xx 000 0 eng d a978-0-07-026463-2 cIIA Library a535.8bSMI aSmith, Warren J 0aModern optical engineeringbthe design of optical systemscWarren J Smith  a4th ed. aNew DelhibTata McGraw-Hillc2008 axiii, 754p. aOptical engineering aOptical instruments - design and construction